| 000 | 00885nam a2200229 a 4500 | ||
|---|---|---|---|
| 001 | 5622 | ||
| 003 | CDMR | ||
| 005 | 20131121141403.0 | ||
| 008 | 130130s1965||||||||||||||||||||||||||||d | ||
| 040 |
_aCDMR _bcat _cCDMR |
||
| 245 | 4 | _aThe practice of journalism | |
| 260 |
_aLondon _c1965 _bWilliam Heinemann |
||
| 300 | _a351 p. | ||
| 500 | _aContribuidors: David Cole, Maurice Fagence, Harold Evans, Dr Syntax, Leonard C.J. McNAE, E.A.Harwood, L.J. DICKER, Norman K. Moran, Ronald C. Stevens, Allen Hutt, Alan Lloyd, John Broxholme, Ray Colley, Peter Williams | ||
| 650 | 0 | 4 |
_94374 _aPeriodisme _xManuals, guies, etc |
| 650 | 0 | 4 |
_93782 _aPeriodistes _xPràctica professional |
| 700 | 1 |
_94272 _aGeorge Viner _eed. |
|
| 700 | 1 |
_94271 _aJohn Dodge _eed. |
|
| 710 | 2 |
_94270 _aNational Union of Journalist |
|
| 710 | 2 |
_94269 _aNational Council fot the Training of Journalist |
|
| 942 |
_cMON _2udc |
||
| 999 |
_c5622 _d5622 |
||